000 00853nam a2200241 i 4500
001 12390
003 ES-MaACL
005 20251014063046.0
008 910723s1988 sp |||| | spa j
020 _a84-505-8155-9
080 _a860-32"19"
100 1 _aRamírez, Víctor,
_d1944-
_9139324
245 1 0 _aCada cual arrastra su sombra
_b; El arranque /
_cVíctor Ramírez ; [edición de Angel Sánchez].
260 _a[Santa Cruz de Tenerife] :
_bViceconsejería de Cultura y Deportes,
_c1988.
300 _a95 p. ;
_c21 cm.
490 1 _aBiblioteca básica canaria ;
_v53
700 1 _aSánchez, Angel,
_d1943-
_9102339
710 1 _aCanarias.
_bViceconsejería de Cultura y Deportes.
_92427
740 3 2 _aEl arranque.
830 0 _aBiblioteca básica canaria ;
_v53
_9177611
852 _aES-MaACL
_jL-19795
999 _c12390
_d12390